Statistiques concernant Type de pâtes par images 🍝

Cliquez ici pour prendre le quiz!

Statistiques générales

  • Ce quiz a Ă©tĂ© pris 177 fois
  • Le rĂ©sultat moyen est 7 sur 12

Statistiques - réponses

RĂ©ponse% Correct
Spaghetti
90%
Coquillette
87%
Lasagne
86%
Penne
77%
Tagliatelle
77%
Farfalle
66%
Cannelloni
60%
Fusilli
42%
Linguine
33%
Rigatoni
18%
Tortellini
18%
Capellini
11%

Distribution des résultats

Percentile par nombre de réponses

% des personnes avec chaque résultat

Votre développement - résultats

Vous n’avez pas pris ce quiz